Adquisición de la lengua escrita de una manera funcional en el primer grado de educación primaria / (Record no. 1033)
[ view plain ]
| 000 -CABECERA | |
|---|---|
| campo de control de longitud fija | 01008nmm a2200253 a 4500 |
| 005 - FECHA Y HORA DE LA ÚLTIMA TRANSACCIÓN | |
| campo de control | 20230222063550.0 |
| 008 - ELEMENTOS DE LONGITUD FIJA--INFORMACIÓN GENERAL | |
| campo de control de longitud fija | 991125s1994 mx b spa u |
| 035 ## - NÚMERO DE CONTROL DEL SISTEMA | |
| Número de control de sistema | UPN01000001033 |
| 049 ## - COLECCIÓN | |
| Colección | TES |
| 099 ## - CLASIFICACIÓN LOCAL | |
| Clasificación local | 7094 |
| 100 1# - ASIENTO PRINCIPAL--NOMBRE PERSONAL | |
| Nombre de persona | Díaz Cabañas, Norma Beatriz |
| 245 10 - MENCIÓN DE TÍTULO | |
| Título | Adquisición de la lengua escrita de una manera funcional en el primer grado de educación primaria / |
| Mención de responsabilidad, etc. | Norma Beatriz Díaz Cabañas. |
| 260 ## - PUBLICACIÓN, DISTRIBUCIÓN, ETC. | |
| Lugar de publicación, distribución, etc. | Mérida : |
| Nombre del editor, distribuidor, etc. | N. B. Díaz Cabañas, |
| Fecha de publicación, distribución, etc. | 1994. |
| 300 ## - DESCRIPCIÓN FÍSICA | |
| Extensión | 148 h. : |
| Otras características físicas | il. |
| 500 ## - NOTA GENERAL | |
| Nota general | "Unidad 31A" |
| 500 ## - NOTA GENERAL | |
| Nota general | Asesor: Uc Dzib, Andrés |
| 502 ## - NOTA DE TESIS | |
| Nota de tesis | Propuesta pedagógica (Lic. en Educación Primaria) -- Universidad Pedagógica Nacional, 1994 |
| 650 #2 - ASIENTO SECUNDARIO DE MATERIA - TERMINO TEMATICO | |
| Término de materia o nombre geográfico como elemento de entrada | Lenguaje escrito |
| 9 (RLIN) | 9085 |
| 710 2# - ASIENTO SECUNDARIO - NOMBRE CORPORATIVO | |
| Nombre de entidad corporativa o nombre de jurisdicción como elemento de entrada | Universidad Pedagógica Nacional (México). |
| Unidad subordinada | Unidad 31A |
| 9 (RLIN) | 28484 |
| 856 40 - LOCALIZACIÓN Y ACCESO ELECTRÓNICOS | |
| Identificador Uniforme del Recurso | <a href="http://200.23.113.51/pdf/7094.pdf">http://200.23.113.51/pdf/7094.pdf</a> |
| Nota pública | ver el documento completo en formato PDF |
| 856 40 - LOCALIZACIÓN Y ACCESO ELECTRÓNICOS | |
| Identificador Uniforme del Recurso | <a href="http://www.adobe.com/mx/">http://www.adobe.com/mx/</a> |
| Nota pública | descargar el programa ACROBAT READER |
| 905 ## - TIPO DE MATERIAL | |
| Tipo de material | Tesis |
| 905 ## - TIPO DE MATERIAL | |
| Tipo de material | Electrónico |
| Estado de retiro | Estado de pérdida | Fuente del sistema de clasificación o colocación | Estado dañado | No para préstamo | Código de colección | Localización permanente | Ubicación/localización actual | Ubicación en estantería | Fecha de adquisición | Clasificación | Código de barras | Fecha visto por última vez | Número de copia | Tipo de ítem Koha |
|---|---|---|---|---|---|---|---|---|---|---|---|---|---|---|
| Library of Congress Classification | Disponible (Préstamo en sala) | Tesis impresas | Bib. Gregorio Torres Quintero | Bib. Gregorio Torres Quintero | Planta alta Repositorios y acceso abierto | 23/02/2023 | 7094 | 115252 | 31/12/2020 | 1 | Formato Digital |
